000 00791nam a2200277Ia 4500
001 G5223
003 IT-RoPAU
008 130308s9999 xx 000 0 und d
040 _aIT-RoPAU
040 _cIT-RoPAU
041 _aITALIANO
100 _aDall'Acqua Marzio
100 _gCodice Aut. SPICS: 55010
245 _aAntonio l'altro Zavattini misterioso estraneo a se stesso
245 _bDiviso in Due. Cesare Zavattini: Cinema e Cultura Popolare
250 _a1a ed.
260 _aREGGIO EMILIA
260 _bDiabasis
260 _c1999 [1° Ed.:1999 - Ed.Ling.Originale:1999]
300 _a"12 p. (prefazione: no ; testo: 12 [pagine: 9-20])"
650 _aAUTORI/OPERE DEL CINEMA
650 _eCodice materia Spics: 6807
942 _cBK
957 _71
999 _c83050
_d83050
999 _g1